[Event "Int. Stuttgarter Stadtmeisterschaft A"]
[Site "Ditzingen"]
[Date "2016.05.05"]
[Round "1.27"]
[White "Reindl, Arno"]
[Black "Gustain, Marc"]
[Result "0-1"]
[WhiteElo "1738"]
[BlackElo "2133"]
[PlyCount "100"]
[EventDate "2016.??.??"]
[WhiteTeam "SG Schwäbisch Gmünd"]
[BlackTeam "SF Deizisau"]

1. e4 c5 2. d4 cxd4 3. c3 Nf6 4. e5 Nd5 5. Nf3 Nc6 6. Bc4 Nb6 7. Bb3 d5 8. cxd4
Bg4 9. Be3 e6 10. Nc3 Be7 11. Rc1 Rc8 12. Ne2 Na5 13. Bc2 Nac4 14. Ba4+ Kf8 15.
Qb3 Nxa4 16. Qxa4 Nxb2 17. Qb3 Nc4 18. Qxb7 Rb8 19. Qxa7 Ra8 20. Qb7 Rxa2 21.
Nc3 Rb2 22. Qa6 Bb4 23. Nd2 Nxe3 24. fxe3 g6 25. O-O Qg5 26. Qd3 Bf5 27. Qe2
Kg7 28. Rf4 Rc8 29. h4 Qh5 30. g4 Bxg4 31. Qf1 Bf5 32. Ncb1 Bxd2 33. Nxd2 Rxd2
34. Rxc8 Rd1 35. Rc1 Rxf1+ 36. Rcxf1 Qe2 37. R1f3 Be4 38. Rxf7+ Kh6 39. Rf2
Qxe3 40. Kh2 Qxd4 41. h5 Qxe5+ 42. Kg1 Qg3+ 43. Kf1 d4 44. hxg6 hxg6 45. Rf8
Qh3+ 46. Ke1 Qc3+ 47. Kd1 Qa1+ 48. Ke2 Qb2+ 49. Kd1 Qb1+ 50. Kd2 Qc2+ 0-1

[Event "Int. Stuttgarter Stadtmeisterschaft A"]
[Site "Ditzingen"]
[Date "2016.05.05"]
[Round "1.28"]
[White "Kessler, Andreas"]
[Black "Schömbs, Oliver"]
[Result "1-0"]
[WhiteElo "2128"]
[BlackElo "1890"]
[PlyCount "117"]
[EventDate "2016.??.??"]
[WhiteTeam "SG Reil-Kinheim"]
[BlackTeam "SC Ingersheim"]

1. c4 Nf6 2. g3 g6 3. b3 c5 4. Bb2 Bg7 5. Bg2 O-O 6. Nc3 Nc6 7. Nh3 d6 8. Nf4
Rb8 9. O-O Bd7 10. e3 Ne8 11. Nfe2 Qc8 12. d4 cxd4 13. Nxd4 Bh3 14. Nd5 Bxd4
15. Bxd4 Bxg2 16. Kxg2 b6 17. Bb2 Qb7 18. f3 f5 19. Qd2 b5 20. Rac1 Rf7 21.
Rfd1 bxc4 22. Rxc4 e6 23. Nf4 Nd8 24. h4 e5 25. Nd5 Ne6 26. Rdc1 g5 27. Rb4 Qa8
28. Rxb8 Qxb8 29. Rc4 Qa8 30. hxg5 Nxg5 31. e4 Ne6 32. exf5 Nd4 33. Bxd4 Qxd5
34. Bc3 Qa8 35. Qc2 Qd5 36. Rc8 Rf8 37. Be1 Qb7 38. Bf2 Kg7 39. g4 Qd7 40. Qc4
d5 41. Qc5 Rf7 42. Ra8 Nf6 43. Rxa7 Qxa7 44. Qxa7 Rxa7 45. Bxa7 d4 46. Bb8 d3
47. Kf1 Nd7 48. Bd6 Kf6 49. Kf2 h5 50. gxh5 Kxf5 51. Ke3 Nf6 52. h6 Ke6 53. Bf8
Nh7 54. Bg7 Kf5 55. a4 Ng5 56. Kxd3 Kf4 57. a5 Kxf3 58. Bxe5 Nf7 59. Bg7 1-0

[Event "Int. Stuttgarter Stadtmeisterschaft A"]
[Site "Ditzingen"]
[Date "2016.05.05"]
[Round "1.29"]
[White "Cummings, Orlyn"]
[Black "Schwab, Matthias"]
[Result "0-1"]
[WhiteElo "1884"]
[BlackElo "2126"]
[PlyCount "126"]
[EventDate "2016.??.??"]
[WhiteTeam "SK Schmiden/Cannstatt"]
[BlackTeam "SC Böblingen"]

1. e4 g6 2. d4 Bg7 3. Nc3 d6 4. Be3 c6 5. Qd2 Nd7 6. h4 Ngf6 7. Bh6 Bxh6 8.
Qxh6 b5 9. Bd3 b4 10. Nce2 Qa5 11. Qd2 c5 12. Nf3 Bb7 13. e5 dxe5 14. dxe5 Bxf3
15. exf6 Bxe2 16. Qxe2 Nxf6 17. Bb5+ Kf8 18. O-O Kg7 19. Bc4 e6 20. Qe5 h5 21.
Rfe1 Rac8 22. a3 Qc7 23. Qg5 Ng4 24. g3 Qd8 25. Qf4 Qf6 26. Qxf6+ Nxf6 27. axb4
cxb4 28. b3 Rc7 29. Ra4 Rb8 30. Rea1 Rbb7 31. Ba6 Rb8 32. Bc4 Rbb7 33. Ba6 Rb6
34. Bd3 Nd7 35. Rxa7 Rxa7 36. Rxa7 Ne5 37. Be4 Kf6 38. f4 Ng4 39. Kf1 Nh6 40.
Rc7 Nf5 41. Bxf5 Kxf5 42. Rxf7+ Kg4 43. Rf6 Kxg3 44. Rxg6+ Kxf4 45. Rg5 e5 46.
Rxh5 Rc6 47. Rh8 Rxc2 48. Rb8 Kf3 49. Ke1 e4 50. h5 Rh2 51. Rh8 Rh1+ 52. Kd2
e3+ 53. Kd3 Rd1+ 54. Kc4 e2 55. Re8 e1=Q 56. Rxe1 Rxe1 57. Kxb4 Ke4 58. Kb5 Kd5
59. b4 Rh1 60. Ka6 Rxh5 61. b5 Rh6+ 62. b6 Kc5 63. Ka7 Rxb6 0-1

[Event "Int. Stuttgarter Stadtmeisterschaft A"]
[Site "Ditzingen"]
[Date "2016.05.05"]
[Round "1.30"]
[White "Maisch, Julian"]
[Black "Ruff, Robert"]
[Result "1-0"]
[WhiteElo "2108"]
[BlackElo "1871"]
[PlyCount "103"]
[EventDate "2016.??.??"]
[WhiteTeam "SF Kornwestheim"]
[BlackTeam "SK Sachsenheim"]

1. e4 e6 2. d4 d5 3. Nc3 Bb4 4. e5 c5 5. a3 Bxc3+ 6. bxc3 Ne7 7. Nf3 Nbc6 8.
Be2 Qa5 9. Bd2 c4 10. O-O f6 11. exf6 gxf6 12. Nh4 Ng6 13. Bh5 Nce7 14. f4 Bd7
15. f5 exf5 16. g3 O-O-O 17. Ng2 Rhg8 18. Qb1 Nc6 19. Rf2 Rde8 20. Qb2 Nd8 21.
Qb4 Qc7 22. Raf1 Ne6 23. Ne3 Ngf4 24. Rxf4 Nxf4 25. Bxe8 Bxe8 26. Nxf5 Ne2+ 27.
Kf2 Kd7 28. Qe7+ Kc8 29. Qxc7+ Kxc7 30. Kxe2 Bg6 31. Ne3 Re8 32. Kd1 Be4 33.
Rxf6 Re7 34. Ng4 b6 35. Ne5 Kb7 36. Rf7 Rxf7 37. Nxf7 Ka6 38. Bh6 Ka5 39. Bf8
Ka4 40. Nd6 Bg6 41. g4 a5 42. Nf5 h5 43. h3 hxg4 44. hxg4 b5 45. Kd2 Bh7 46.
Ke3 b4 47. axb4 axb4 48. Bxb4 Kb5 49. Kf4 Kb6 50. Ke5 Kc6 51. Kf6 Kd7 52. Kg7
1-0

[Event "Int. Stuttgarter Stadtmeisterschaft A"]
[Site "Ditzingen"]
[Date "2016.05.05"]
[Round "1.31"]
[White "Longo, Claudio"]
[Black "Jussupow, Nadia"]
[Result "1/2-1/2"]
[WhiteElo "1870"]
[BlackElo "2106"]
[PlyCount "105"]
[EventDate "2016.??.??"]
[WhiteTeam "SK Gräfelfing"]
[BlackTeam "SK Krumbach"]

1. d4 g6 2. Nf3 Bg7 3. g3 d6 4. Bg2 f5 5. b3 c5 6. Bb2 Nc6 7. O-O Nh6 8. c4 O-O
9. Qd2 Nf7 10. dxc5 Bh6 11. e3 dxc5 12. Rd1 Qxd2 13. Rxd2 e5 14. Rd5 Nb4 15.
Rd2 e4 16. Ne1 Be6 17. a3 Nc6 18. Nc3 Na5 19. Nd5 Bxd5 20. Rxd5 Rad8 21. Rad1
Nxb3 22. Bf6 Rxd5 23. Rxd5 Bg5 24. Bc3 Rd8 25. Bf1 Kf8 26. h4 Bh6 27. Bf6 Rd6
28. Rxd6 Nxd6 29. Be5 Nf7 30. Bb8 a6 31. Nc2 Ke7 32. Be2 Kd7 33. Kf1 Kc8 34.
Bf4 Bxf4 35. exf4 Nd6 36. Ke1 Kc7 37. Ne3 b5 38. Nd5+ Kc6 39. Nf6 h5 40. Nh7
Nc8 41. Nf8 Ne7 42. Ne6 Nd4 43. Nd8+ Kc7 44. Nf7 Nxe2 45. Kxe2 Kb6 46. Kd2 b4
47. Kc2 a5 48. a4 Kc7 49. Ne5 Kd6 50. Kb2 Ke6 51. Kc2 Kd6 52. Kb2 Nc6 53. Nxc6
1/2-1/2

[Event "Int. Stuttgarter Stadtmeisterschaft A"]
[Site "Ditzingen"]
[Date "2016.05.05"]
[Round "1.32"]
[White "Wettengel, Alexander"]
[Black "Stoll, Katja"]
[Result "1-0"]
[WhiteElo "2105"]
[BlackElo "1870"]
[PlyCount "85"]
[EventDate "2016.??.??"]
[WhiteTeam "Stuttgarter SF"]
[BlackTeam "SC Weiße Dame Ulm"]

1. e4 e5 2. Nf3 Nf6 3. Nc3 Nc6 4. Bb5 Bb4 5. O-O O-O 6. d3 d6 7. Bg5 Bxc3 8.
bxc3 Bg4 9. h3 Bh5 10. g4 Bg6 11. Ne1 h6 12. Bh4 d5 13. f4 Qd6 14. Bxf6 gxf6
15. Bxc6 Qxc6 16. exd5 Qxd5 17. f5 Bh7 18. Qd2 Kg7 19. Qe3 Rg8 20. Nf3 h5 21.
Kf2 Kh8 22. Rg1 Qc6 23. c4 e4 24. Qxe4 Qa4 25. Nd4 Qb4 26. Nb3 Qc3 27. Rac1
Rad8 28. Qe1 Qb2 29. Qd2 Qe5 30. Qe3 Qd6 31. Qg3 Qc6 32. Qf3 Qb6+ 33. Qe3 Qd6
34. Qg3 Qc6 35. Qf3 Qb6+ 36. c5 Qb5 37. Qf4 Qd7 38. Rce1 b6 39. Qh6 Qc6 40. Re6
Qd5 41. Qxf6+ Rg7 42. Re5 Qd7 43. gxh5 1-0

[Event "Int. Stuttgarter Stadtmeisterschaft A"]
[Site "Ditzingen"]
[Date "2016.05.05"]
[Round "1.33"]
[White "Merk, Daniel"]
[Black "Gerstenberger, Heinz"]
[Result "1-0"]
[WhiteElo "1864"]
[BlackElo "2101"]
[PlyCount "69"]
[EventDate "2016.??.??"]
[WhiteTeam "Schach-Pinguine Sulzbach"]
[BlackTeam "Stuttgarter SF"]

1. d4 Nf6 2. c4 b6 3. Nc3 Bb7 4. e3 e6 5. b3 d5 6. Bb2 Be7 7. Nf3 O-O 8. Bd3
Nbd7 9. cxd5 exd5 10. O-O Re8 11. Ne5 Nxe5 12. dxe5 Nd7 13. f4 Nf8 14. Ne2 c5
15. f5 Bg5 16. Nf4 Rc8 17. Bb5 Bxf4 18. exf4 Bc6 19. Bxc6 Rxc6 20. f6 gxf6 21.
Qg4+ Kh8 22. exf6 Ne6 23. Be5 Rg8 24. Qh5 Qd7 25. Rf3 Rcc8 26. Rh3 Nf8 27. Rd1
d4 28. Rh4 Qd5 29. Rg4 Ne6 30. Qxf7 Rxg4 31. Qe8+ Rg8 32. f7+ Ng7 33. fxg8=R+
Qxg8 34. Qd7 Ra8 35. Rd3 1-0

[Event "Int. Stuttgarter Stadtmeisterschaft A"]
[Site "Ditzingen"]
[Date "2016.05.05"]
[Round "1.34"]
[White "Montigel, Philipp"]
[Black "Schulz, Jens Peter"]
[Result "1-0"]
[WhiteElo "2097"]
[BlackElo "1850"]
[PlyCount "80"]
[EventDate "2016.??.??"]
[WhiteTeam "SV Stuttgart-Wolfbusch"]
[BlackTeam "SV Dicker Turm Esslingen"]

1. b3 a5 2. c4 e6 3. Bb2 d5 4. e3 Nf6 5. Nc3 c5 6. Nf3 Nc6 7. d4 cxd4 8. exd4
Ne4 9. a3 Be7 10. Bd3 f5 11. O-O O-O 12. cxd5 exd5 13. Nxd5 Be6 14. Nf4 Bf7 15.
d5 Qc7 16. dxc6 Qxf4 17. Be5 Qh6 18. cxb7 Rad8 19. b8=Q Rxb8 20. Bxb8 Rxb8 21.
Bc4 Bxc4 22. bxc4 Bd6 23. Qd5+ Kh8 24. c5 Nxc5 25. Rad1 Ne4 26. Qxf5 Nc3 27.
Rxd6 Qxd6 28. Ng5 Qg6 29. Qxa5 Ne2+ 30. Kh1 h6 31. Qc7 Rf8 32. Qe7 Ra8 33. Qxe2
Qxg5 34. Qf3 Ra4 35. Re1 Qg6 36. h3 Ra5 37. Re3 Rf5 38. Qe2 Qf6 39. Kg1 Kh7 40.
Qd3 g6 1-0

[Event "Int. Stuttgarter Stadtmeisterschaft A"]
[Site "Ditzingen"]
[Date "2016.05.05"]
[Round "1.35"]
[White "Baars, Mario"]
[Black "Karimi, Farhad"]
[Result "0-1"]
[WhiteElo "1775"]
[BlackElo "2095"]
[PlyCount "96"]
[EventDate "2016.??.??"]
[WhiteTeam "SG Schwäbisch Gmünd"]
[BlackTeam "Satranç Club"]

1. e4 c5 2. d4 cxd4 3. c3 Nf6 4. e5 Nd5 5. cxd4 Nc6 6. Nc3 Nb6 7. Nf3 d6 8. Bf4
Bg4 9. Be2 e6 10. O-O Be7 11. Ne4 Nd5 12. Bg3 dxe5 13. dxe5 O-O 14. Nfd2 Bxe2
15. Qxe2 Nd4 16. Qd1 Qc7 17. Nd6 Bxd6 18. exd6 Qc2 19. Qxc2 Nxc2 20. Rac1 Nd4
21. Rfe1 Rac8 22. Kf1 f6 23. Nb3 Nxb3 24. axb3 Rxc1 25. Rxc1 Rd8 26. Rc5 Kf7
27. Ra5 a6 28. Rc5 Ke8 29. b4 b6 30. Rc1 Kd7 31. Ke2 e5 32. Kf3 Kxd6 33. Ke4
Ke6 34. Rc6+ Rd6 35. Rc8 f5+ 36. Kf3 e4+ 37. Ke2 f4 38. Bh4 h6 39. f3 e3 40.
Be1 b5 41. g3 g5 42. g4 Ne7 43. Rh8 Kd5 44. Bc3 Kc4 45. Rh7 Nc6 46. Bg7 Nxb4
47. Bc3 Nd3 48. Rc7+ Kb3 0-1

[Event "Int. Stuttgarter Stadtmeisterschaft A"]
[Site "Ditzingen"]
[Date "2016.05.05"]
[Round "1.36"]
[White "Schönberger, Peter"]
[Black "Gheng, Dominik"]
[Result "1-0"]
[WhiteElo "2088"]
[BlackElo "1840"]
[PlyCount "79"]
[EventDate "2016.??.??"]
[WhiteTeam "SCHWARMSTE"]
[BlackTeam "Schach-Kids Bernhausen"]

1. e4 e5 2. Nf3 Nc6 3. Bb5 Nf6 4. Qe2 d6 5. c3 a6 6. Ba4 Be7 7. d3 O-O 8. Nbd2
b5 9. Bc2 Nb8 10. Nf1 Re8 11. Ng3 Bf8 12. a4 Bb7 13. O-O g6 14. Bb3 h6 15. h3
Nbd7 16. axb5 axb5 17. Rxa8 Qxa8 18. Be3 Nc5 19. Bxc5 dxc5 20. Nh4 g5 21. Nhf5
c4 22. Bc2 c5 23. dxc4 bxc4 24. Rd1 Rd8 25. Rxd8 Qxd8 26. Qxc4 Qd2 27. Bb3 Qd7
28. f3 Bc6 29. Qa6 h5 30. Nf1 Ne8 31. N1e3 Nc7 32. Qe2 Ne6 33. Nd5 Bxd5 34.
exd5 Nf4 35. Qxe5 Qa7 36. Bc4 Qa1+ 37. Bf1 Qxb2 38. d6 Ne6 39. Ne7+ Kh7 40.
Bd3+ 1-0

[Event "Int. Stuttgarter Stadtmeisterschaft A"]
[Site "Ditzingen"]
[Date "2016.05.05"]
[Round "1.37"]
[White "Richter, Nils"]
[Black "Döring, Andreas"]
[Result "0-1"]
[WhiteElo "1826"]
[BlackElo "2085"]
[PlyCount "72"]
[EventDate "2016.??.??"]
[WhiteTeam "TSV/RSK Esslingen"]
[BlackTeam "SC Tamm"]

1. e4 e6 2. d4 d5 3. Nd2 Nc6 4. c3 e5 5. Bb5 exd4 6. cxd4 Bd7 7. Ngf3 dxe4 8.
Nxe4 Bb4+ 9. Bd2 Qe7 10. Qe2 O-O-O 11. Ng3 Bxd2+ 12. Nxd2 Nxd4 13. Qxe7 Nxe7
14. Bxd7+ Rxd7 15. O-O-O Rhd8 16. Nde4 b6 17. Rhe1 c5 18. h4 Nd5 19. Nh5 f6 20.
Nc3 Nxc3 21. bxc3 Ne2+ 22. Kc2 Rxd1 23. Rxd1 Rxd1 24. Kxd1 Nxc3+ 25. Kc2 Nxa2
26. Nxg7 Nb4+ 27. Kd2 Kd7 28. g4 Nd5 29. Kd3 b5 30. Ke4 b4 31. Kd3 b3 32. Nh5
c4+ 33. Kd2 c3+ 34. Kd3 c2 35. Kd2 Ke7 36. Ng3 Nb4 0-1

[Event "Int. Stuttgarter Stadtmeisterschaft A"]
[Site "Ditzingen"]
[Date "2016.05.05"]
[Round "1.38"]
[White "Gabriel, Josef"]
[Black "Viehoff, Jürgen"]
[Result "1-0"]
[WhiteElo "2073"]
[BlackElo "1824"]
[PlyCount "71"]
[EventDate "2016.??.??"]
[WhiteTeam "Stuttgarter SF"]
[BlackTeam "SC Stetten a.d.F."]

1. e4 c6 2. d4 d5 3. Nc3 dxe4 4. Nxe4 Nd7 5. Nf3 Ngf6 6. Ng3 e6 7. Be2 Be7 8.
O-O O-O 9. c4 b6 10. Bf4 Bb7 11. Qc2 Qc8 12. Rfd1 c5 13. d5 exd5 14. Nf5 Re8
15. Bd6 Bxd6 16. Nxd6 Qc7 17. Nxe8 Rxe8 18. cxd5 Bxd5 19. Ne1 Ne5 20. h3 Qc6
21. a4 Qe6 22. Ra3 Be4 23. Qd2 Bf5 24. Bb5 Nc4 25. Bxc4 Qxc4 26. Nf3 Ne4 27.
Qc1 Qe2 28. Rf1 h6 29. Re3 Qa6 30. Nh4 Bh7 31. b3 Rd8 32. Rfe1 Qb7 33. Nf3 Qd5
34. Nh2 Bg6 35. Nf1 Qf5 36. Rxe4 1-0

[Event "Int. Stuttgarter Stadtmeisterschaft A"]
[Site "Ditzingen"]
[Date "2016.05.05"]
[Round "1.39"]
[White "Nettelbeck, Jann"]
[Black "Klaus, Dominik"]
[Result "0-1"]
[WhiteElo "1821"]
[BlackElo "2068"]
[PlyCount "52"]
[EventDate "2016.??.??"]
[WhiteTeam "SC Bad Bergzabern"]
[BlackTeam "Ssg Fils-Lauter"]

1. d4 Nf6 2. c4 g6 3. g3 Bg7 4. Bg2 d5 5. cxd5 Nxd5 6. e4 Nb6 7. Ne2 Nc6 8. d5
Ne5 9. Nbc3 O-O 10. f4 Nec4 11. b3 Bg4 12. Rb1 Bxc3+ 13. Kf2 Nd6 14. e5 Nb5 15.
Qd3 Bxe2 16. Qxe2 Bd4+ 17. Be3 Nc3 18. Qd3 Bxe3+ 19. Kxe3 Nxb1 20. Rxb1 c6 21.
dxc6 Qxd3+ 22. Kxd3 Rfd8+ 23. Ke2 bxc6 24. Bxc6 Rac8 25. Be4 Nd5 26. Bxd5 Rxd5
0-1

[Event "Int. Stuttgarter Stadtmeisterschaft A"]
[Site "Ditzingen"]
[Date "2016.05.05"]
[Round "1.40"]
[White "Pflaum, Stefan"]
[Black "Uso I Cubertorer, Lluis"]
[Result "0-1"]
[WhiteElo "2071"]
[BlackElo "1660"]
[PlyCount "90"]
[EventDate "2016.??.??"]
[WhiteTeam "SC Botnang"]

1. d4 e6 2. c4 f5 3. Nf3 Nf6 4. Nc3 d5 5. Bf4 c6 6. e3 Bd6 7. Qc2 O-O 8. Bd3
Ne4 9. O-O Bxf4 10. exf4 Qd6 11. g3 Nd7 12. c5 Qe7 13. b4 Ndf6 14. Ne5 Bd7 15.
Ne2 Ng4 16. Nxg4 fxg4 17. Bxe4 dxe4 18. Qxe4 Be8 19. Nc3 Rd8 20. Rad1 Bg6 21.
Qe2 Bf5 22. d5 Qf6 23. dxe6 Rde8 24. Qc4 Bxe6 25. Qd4 Qh6 26. Qd6 Qh3 27. Ne4
h6 28. f3 gxf3 29. Rxf3 Qh5 30. Rff1 Bh3 31. Qd4 Qe2 32. Nf2 Bxf1 33. Rxf1 Rd8
34. Qc3 Rd2 35. a3 Re8 36. Qb3+ Kh8 37. Qf7 Qe3 38. f5 Re7 39. Qf8+ Kh7 40. f6
gxf6 41. Qxf6 Qg5 42. Qf8 Ree2 43. Qf7+ Qg7 44. Qf5+ Qg6 45. Qc8 Qf7 0-1

[Event "Int. Stuttgarter Stadtmeisterschaft A"]
[Site "Ditzingen"]
[Date "2016.05.05"]
[Round "1.41"]
[White "Baumeister, Jürgen"]
[Black "Hubel, Merten"]
[Result "0-1"]
[WhiteElo "1814"]
[BlackElo "2061"]
[PlyCount "102"]
[EventDate "2016.??.??"]
[WhiteTeam "SC Asperg"]
[BlackTeam "SF Birkenfeld"]

1. Nc3 c5 2. Nf3 Nc6 3. d4 cxd4 4. Nxd4 e6 5. g3 d5 6. Bg2 Nf6 7. Bf4 Bd6 8.
Bxd6 Qxd6 9. Ndb5 Qd8 10. e4 a6 11. exd5 Nb4 12. a3 Nbxd5 13. Nxd5 Nxd5 14. c4
axb5 15. cxd5 O-O 16. dxe6 Qe7 17. O-O Bxe6 18. b4 Qc7 19. Qf3 Ra7 20. Rfc1 Qe5
21. Qc3 Qxc3 22. Rxc3 g6 23. Rd1 Rfa8 24. Rdd3 Bc4 25. Re3 Rd8 26. Rc1 b6 27.
Bf1 Rd4 28. f3 Kg7 29. Rec3 Bxf1 30. Kxf1 Rd2 31. h4 Ra2 32. Re3 Rd7 33. Rce1
Kf6 34. R1e2 Rd1+ 35. Kf2 Raa1 36. g4 h6 37. f4 Rh1 38. g5+ Kf5 39. Re5+ Kg4
40. gxh6 Rxh4 41. Kg2 Rxa3 42. Rxb5 Rxh6 43. Rxb6 Rg3+ 44. Kf2 Rf3+ 45. Ke1
Rxf4 46. Rb7 Rh3 47. Rg2+ Rg3 48. Re2 Rb3 49. Ree7 f5 50. b5 Kf3 51. Rg7 Rd4
0-1

[Event "Int. Stuttgarter Stadtmeisterschaft A"]
[Site "Ditzingen"]
[Date "2016.05.05"]
[Round "1.42"]
[White "Büter, Norbert"]
[Black "Gauer, Jakob"]
[Result "1-0"]
[WhiteElo "2053"]
[BlackElo "1801"]
[PlyCount "89"]
[EventDate "2016.??.??"]
[WhiteTeam "SpVgg Rommelshausen"]
[BlackTeam "SC Ostfildern"]

1. d4 d5 2. c4 e6 3. Nc3 Nf6 4. cxd5 exd5 5. Bg5 Be7 6. e3 c6 7. Qc2 Nbd7 8.
Bd3 O-O 9. Nge2 Re8 10. O-O Nf8 11. Ng3 Ng4 12. Bxe7 Qxe7 13. Rab1 a5 14. a3
Nf6 15. Na4 Ne4 16. Ne2 Nd7 17. Nac3 Ndf6 18. b4 axb4 19. axb4 Bd7 20. Qb2 b5
21. Bxe4 Nxe4 22. Nxe4 Qxe4 23. Ra1 Reb8 24. Ra3 Qe8 25. Rfa1 Qc8 26. Ra7 Rxa7
27. Rxa7 Ra8 28. Qa1 Rxa7 29. Qxa7 Kf8 30. f3 g6 31. Kf2 h5 32. Nc1 Ke7 33. Nd3
f6 34. Nc5 g5 35. h4 gxh4 36. Kg1 Kd6 37. Qxd7+ Qxd7 38. Nxd7 Kxd7 39. Kh2 Ke6
40. Kh3 Kf5 41. Kxh4 Kg6 42. e4 c5 43. dxc5 d4 44. Kg3 Kf7 45. Kf2 1-0

[Event "Int. Stuttgarter Stadtmeisterschaft A"]
[Site "Ditzingen"]
[Date "2016.05.05"]
[Round "1.43"]
[White "Wenner, Tobias"]
[Black "Schmidt, Markus"]
[Result "1-0"]
[WhiteElo "2136"]
[BlackElo "1901"]
[PlyCount "177"]
[EventDate "2016.??.??"]
[WhiteTeam "SC Eppingen"]
[BlackTeam "Stuttgarter SF"]

1. Nf3 Nf6 2. c4 c5 3. Nc3 g6 4. g3 Bg7 5. Bg2 Nc6 6. d4 cxd4 7. Nxd4 Nxd4 8.
Qxd4 O-O 9. O-O d6 10. Qd3 Rb8 11. Be3 b6 12. h3 Be6 13. b3 h5 14. Rac1 Qc8 15.
Nd5 Re8 16. Kh2 Bf5 17. Nxf6+ Bxf6 18. Qd2 Qa6 19. a4 Qc8 20. Rfd1 Rd8 21. Bf4
Qd7 22. e4 Be6 23. Be3 a6 24. Qb4 Qc7 25. f4 Bd7 26. Qd2 Bc6 27. Qf2 Qb7 28.
Re1 b5 29. cxb5 axb5 30. Rxc6 Qxc6 31. e5 d5 32. exf6 Qxf6 33. Bd4 Qf5 34. a5
Qd7 35. Qe3 Re8 36. Qe5 f6 37. Qxd5+ Qxd5 38. Bxd5+ Kg7 39. Bb6 e5 40. fxe5
fxe5 41. Bc7 Rbc8 42. Bxe5+ Kh7 43. a6 Rc5 44. Bg2 Rc2 45. a7 Rd8 46. Kg1 Ra2
47. a8=Q Raxa8 48. Bxa8 Rxa8 49. Kf2 g5 50. g4 hxg4 51. hxg4 Kg6 52. Ra1 Re8
53. Ra6+ Kf7 54. Bc3 Re4 55. Kf3 Rf4+ 56. Kg3 b4 57. Bd2 Rd4 58. Bxg5 Rd3+ 59.
Kf4 Rxb3 60. Bf6 Rb1 61. g5 b3 62. Rb6 Rf1+ 63. Ke3 Rh1 64. Kd3 Rh3+ 65. Kc4
Re3 66. Rxb3 Re2 67. Kd4 Kg6 68. Re3 Ra2 69. Ke4 Ra4+ 70. Kf3 Kf5 71. Re5+ Kg6
72. Re4 Ra3+ 73. Kf4 Ra2 74. Rd4 Rf2+ 75. Ke5 Re2+ 76. Kd6 Re8 77. Kd7 Re2 78.
Rd6 Re4 79. Re6 Ra4 80. Re7 Ra7+ 81. Kc6 Ra6+ 82. Kb5 Rd6 83. Rg7+ Kf5 84. Kc5
Rd1 85. Rg8 Rd7 86. Bd4 Ke6 87. g6 Rd5+ 88. Kc4 Rg5 89. g7 1-0

[Event "Int. Stuttgarter Stadtmeisterschaft A"]
[Site "Ditzingen"]
[Date "2016.05.05"]
[Round "2.1"]
[White "Hüttig, Michael"]
[Black "Ivanisevic, Ivan"]
[Result "0-1"]
[WhiteElo "2164"]
[BlackElo "2646"]
[PlyCount "46"]
[EventDate "2016.??.??"]
[WhiteTeam "SC Erdmannhausen"]

1. Nf3 d5 2. g3 Nc6 3. d4 Bg4 4. Bg2 e6 5. O-O Bd6 6. c4 Nf6 7. Nc3 O-O 8. c5
Be7 9. h3 Bh5 10. Bf4 Nd7 11. Rc1 f5 12. b4 g5 13. b5 Na5 14. Be5 Nc4 15. c6
bxc6 16. bxc6 Bxf3 17. exf3 Ndxe5 18. dxe5 f4 19. Re1 Rb8 20. g4 Ba3 21. Rc2
Nb2 22. Qa1 Nd3 23. Rd1 Bb2 0-1

[Event "Int. Stuttgarter Stadtmeisterschaft A"]
[Site "Ditzingen"]
[Date "2016.05.05"]
[Round "2.2"]
[White "Ikonnikov, Vyacheslav"]
[Black "Shahin, Walid"]
[Result "1-0"]
[WhiteElo "2545"]
[BlackElo "2140"]
[PlyCount "67"]
[EventDate "2016.??.??"]
[WhiteTeam "SF Bad Mergentheim"]
[BlackTeam "SK Weilheim"]

1. d4 e6 2. c4 Bb4+ 3. Bd2 Bxd2+ 4. Qxd2 Nf6 5. Nc3 d6 6. Nf3 O-O 7. g3 Qe7 8.
Bg2 Nc6 9. O-O e5 10. d5 Nb8 11. e4 a5 12. Ne1 Na6 13. Nd3 Nd7 14. f4 Nac5 15.
Nf2 Nb6 16. b3 Bd7 17. f5 f6 18. Qe2 Kh8 19. h4 c6 20. g4 cxd5 21. exd5 Rfc8
22. Rab1 a4 23. Nfe4 axb3 24. Nxc5 Rxc5 25. axb3 Be8 26. Ra1 Rcc8 27. Ne4 Qc7
28. g5 Nd7 29. Qe3 fxg5 30. hxg5 Rxa1 31. Rxa1 Nf8 32. Qa7 Bh5 33. Qa5 Qd7 34.
Qb6 1-0

[Event "Int. Stuttgarter Stadtmeisterschaft A"]
[Site "Ditzingen"]
[Date "2016.05.05"]
[Round "2.3"]
[White "Schulte, Torsten"]
[Black "Maiorov, Nikita"]
[Result "0-1"]
[WhiteElo "2139"]
[BlackElo "2538"]
[PlyCount "90"]
[EventDate "2016.??.??"]

1. d4 Nf6 2. c4 g6 3. Nc3 Bg7 4. g3 O-O 5. Bg2 d6 6. Nf3 Nbd7 7. O-O e5 8. e4
exd4 9. Nxd4 Re8 10. h3 Nc5 11. Re1 Bd7 12. Rb1 h6 13. b4 Ne6 14. Nxe6 Bxe6 15.
c5 Nd7 16. Nd5 c6 17. Nf4 dxc5 18. Nxe6 Rxe6 19. bxc5 Nxc5 20. Qc2 Qd3 21. Qxd3
Nxd3 22. Rd1 Nxc1 23. Rdxc1 Re7 24. f4 Rd8 25. Rd1 Red7 26. Bf3 Bd4+ 27. Kf1
Kf8 28. Rd2 Ke7 29. Rbd1 f6 30. Be2 Rd6 31. Kg2 b5 32. a4 b4 33. Bc4 Bc3 34.
Rxd6 Rxd6 35. Rxd6 Kxd6 36. Kf3 Kc5 37. Bf7 Kd4 38. Bxg6 Be1 39. g4 c5 40. e5
fxe5 41. fxe5 Bh4 42. Ke2 c4 43. e6 Kc3 44. Be4 b3 45. Kd1 Kb2 0-1

[Event "Int. Stuttgarter Stadtmeisterschaft A"]
[Site "Ditzingen"]
[Date "2016.05.05"]
[Round "2.4"]
[White "Teske, Henrik"]
[Black "Wenner, Tobias"]
[Result "1-0"]
[WhiteElo "2487"]
[BlackElo "2136"]
[PlyCount "81"]
[EventDate "2016.??.??"]
[WhiteTeam "SC Remagen"]
[BlackTeam "SC Eppingen"]

1. d4 f5 2. g4 d5 3. gxf5 Bxf5 4. Bf4 Nc6 5. Nf3 Qd7 6. Nc3 a6 7. Rg1 O-O-O 8.
Nh4 Bh3 9. Bxh3 Qxh3 10. Nf3 h6 11. Ne5 Nxe5 12. Bxe5 Nf6 13. Qd3 Qxd3 14. cxd3
g5 15. Rc1 Rg8 16. h4 c6 17. e3 Nd7 18. Bf4 e5 19. dxe5 Nc5 20. Ke2 Be7 21.
hxg5 hxg5 22. Bh2 d4 23. exd4 Rxd4 24. Rcd1 Rgd8 25. Rg3 Rh4 26. Bg1 Rb4 27. b3
Ne6 28. Kd2 Rf4 29. Kc1 Rf5 30. Re1 Bb4 31. Kb2 Nf4 32. Re4 Nxd3+ 33. Rxd3 Rxd3
34. Rxb4 Rxe5 35. Bh2 Re6 36. Bg3 a5 37. Rc4 Kd7 38. Kc2 Rf3 39. Ne4 b6 40.
Rd4+ Ke7 41. Nxg5 1-0

[Event "Int. Stuttgarter Stadtmeisterschaft A"]
[Site "Ditzingen"]
[Date "2016.05.05"]
[Round "2.5"]
[White "Gustain, Marc"]
[Black "Schröder, Kevin"]
[Result "0-1"]
[WhiteElo "2133"]
[BlackElo "2361"]
[PlyCount "98"]
[EventDate "2016.??.??"]
[WhiteTeam "SF Deizisau"]
[BlackTeam "SC Hansa Dortmund"]

1. d4 Nf6 2. Nc3 d5 3. Bf4 e6 4. Nf3 Bb4 5. Qd3 Ne4 6. Nd2 Nxc3 7. bxc3 Bd6 8.
Bxd6 cxd6 9. e4 dxe4 10. Qxe4 Qc7 11. c4 e5 12. c5 Nd7 13. cxd6 Qxd6 14. dxe5
Qxe5 15. Bd3 O-O 16. O-O Qxe4 17. Bxe4 Rb8 18. Nb3 Nf6 19. Bf3 Bf5 20. c4 Bd3
21. Rfc1 Rfc8 22. c5 Ne4 23. Rd1 Bc2 24. Rdc1 Bxb3 25. axb3 Nxc5 26. Rxa7 Nxb3
27. Rxc8+ Rxc8 28. g3 b5 29. Bd5 Nc5 30. Rxf7 Kh8 31. Rf4 Nd3 32. Rd4 Rc1+ 33.
Kg2 Rd1 34. Kf3 Nxf2 35. Rxd1 Nxd1 36. Bb3 Nc3 37. Ke3 g6 38. Kd3 Na4 39. Bd5
b4 40. Bb3 Nc5+ 41. Kc4 Nxb3 42. Kxb3 Kg7 43. Kxb4 Kf6 44. Kc4 Kf5 45. Kd4 Kg4
46. Ke3 Kh3 47. Kf3 Kxh2 48. Kg4 Kg2 49. Kh4 Kf3 0-1

[Event "Int. Stuttgarter Stadtmeisterschaft A"]
[Site "Ditzingen"]
[Date "2016.05.05"]
[Round "2.6"]
[White "Wenninger, Philipp"]
[Black "Kessler, Andreas"]
[Result "1-0"]
[WhiteElo "2352"]
[BlackElo "2128"]
[PlyCount "49"]
[EventDate "2016.??.??"]
[WhiteTeam "SC Erlangen"]
[BlackTeam "SG Reil-Kinheim"]

1. d4 Nf6 2. c4 e6 3. Nc3 d5 4. cxd5 exd5 5. Bg5 Bb4 6. e3 c6 7. Qc2 Nbd7 8.
Bd3 Qa5 9. Nge2 O-O 10. O-O Bd6 11. Rae1 a6 12. f4 b5 13. Ng3 c5 14. Nf5 Qb6
15. Qf2 Bb7 16. Qg3 g6 17. Qh4 Ne8 18. Rf3 f6 19. Rh3 h5 20. Nh6+ Kh8 21. Bxg6
Ng7 22. Nf5 fxg5 23. Qxg5 Rxf5 24. Qh6+ Kg8 25. Qh7+ 1-0